[Event "West Bromwich 4NCL op-B 9th"]
[Site "West Bromwich"]
[Date "2016.07.09"]
[Round "2.3"]
[White "Marlow, Ben"]
[Black "Hardy, Roger"]
[Result "1/2-1/2"]
[WhiteElo "1809"]
[BlackElo "1918"]
[PlyCount "61"]
[EventDate "2016.07.08"]
[EventType "swiss"]
[EventRounds "5"]
[EventCountry "ENG"]
[SourceTitle "EXT 2023"]
[Source "ChessBase"]
[SourceDate "2022.10.05"]
[SourceVersion "1"]
[SourceVersionDate "2022.10.05"]
[SourceQuality "1"]

1. c4 Nf6 2. Nc3 g6 3. g3 c6 4. Bg2 d5 5. cxd5 cxd5 6. d4 Bg7 7. Nf3 Nc6 8. 0-0 0-0 9. a3 Bf5 10. e3 Ne4 11. Nxe4 Bxe4 12. Nd2 Bxg2 13. Kxg2 Rc8 14. b4 e5 15. dxe5 Nxe5 16. Bb2 Qd7 17. Bxe5 Bxe5 18. Ra2 d4 19. exd4 Qd5+ 20. Nf3 Qxa2 21. Nxe5 Qd5+ 22. Nf3 Rfe8 23. Qd2 Rc4 24. Rd1 Kg7 25. Qd3 Rec8 26. Qb3 Qf5 27. Rd3 f6 28. d5 b5 29. d6 Rd8 30. Nd4 Qd5+ 31. f3 1/2-1/2

[Event "West Bromwich 4NCL op-B 9th"]
[Site "West Bromwich"]
[Date "2016.07.09"]
[Round "3.6"]
[White "Potter, Steven"]
[Black "Marlow, Ben"]
[Result "1/2-1/2"]
[WhiteElo "1888"]
[BlackElo "1809"]
[PlyCount "36"]
[EventDate "2016.07.08"]
[EventType "swiss"]
[EventRounds "5"]
[EventCountry "ENG"]
[SourceTitle "EXT 2023"]
[Source "ChessBase"]
[SourceDate "2022.10.05"]
[SourceVersion "1"]
[SourceVersionDate "2022.10.05"]
[SourceQuality "1"]

1. d4 e6 2. Nf3 c5 3. d5 exd5 4. Qxd5 Nf6 5. Qe5+ Be7 6. Nc3 Nc6 7. Qg5 0-0 8. Nd5 Nxd5 9. Qxd5 Nb4 10. Qd1 d5 11. c3 Nc6 12. g3 Be6 13. Bg2 Qa5 14. 0-0 Rfd8 15. Bd2 Qb6 16. Qc2 g6 17. h4 h5 18. Bg5 Bg4 1/2-1/2